000 00633nam a2200217 i 4500
005 20220222122041.0
008 220222s1965 my e |||| 1 may d
020 _qpaperback
040 _aPPAK
_beng
_cPPAK
_erda
082 0 4 _223
_a899.2333
090 0 0 _a899.2333
_bABD
_dKAO
100 0 _aAbdullah Hussain
_eauthor.
245 1 0 _aJANGAN-LAH, JANGAN...! /
_coleh ABDULLAH HUSSAIN
264 1 _aKuala Lumpur :
_bPenerbitan Angkatan Baru ,
_c1965
300 _a135 pages ;
_c18 cm.
336 _2rdacontent
_atext
337 _2rdamedia
_aunmediated
338 _2rdacarrier
_avolume
650 1 0 _aMalay fiction
942 _2ddc
_cB
999 _c187541
_d187541